Engineering, modeling and computation / (Record no. 182364)
[ view plain ]
| 000 -LEADER | |
|---|---|
| fixed length control field | 00948 a2200205 4500 |
| 003 - CONTROL NUMBER IDENTIFIER | |
| control field | Nust |
| 005 - DATE AND TIME OF LATEST TRANSACTION | |
| control field | 20221020091750.0 |
| 010 ## - LIBRARY OF CONGRESS CONTROL NUMBER | |
| LC control number | 77074378 |
| 020 ## - INTERNATIONAL STANDARD BOOK NUMBER | |
| International Standard Book Number | 0395255856 |
| 040 ## - CATALOGING SOURCE | |
| Transcribing agency | Nust |
| 082 00 - DEWEY DECIMAL CLASSIFICATION NUMBER | |
| Classification number | 620.0042,GAJ |
| 100 1# - MAIN ENTRY--PERSONAL NAME | |
| Personal name | Gajda, W. J. |
| 9 (RLIN) | 100909 |
| 245 10 - TITLE STATEMENT | |
| Title | Engineering, modeling and computation / |
| Statement of responsibility, etc. | Walter J. Gajda, Jr., William E. Biles. |
| 260 ## - PUBLICATION, DISTRIBUTION, ETC. | |
| Place of publication, distribution, etc. | Boston : |
| Name of publisher, distributor, etc. | Houghton Mifflin, |
| Date of publication, distribution, etc. | c1978. |
| 300 ## - PHYSICAL DESCRIPTION | |
| Extent | xvii, 426 p. : |
| Other physical details | ill. ; |
| Dimensions | 24 cm. |
| 505 ## - FORMATTED CONTENTS NOTE | |
| Formatted contents note | Engineering (Page-1), Modeling and Engineering Problems (Page-46), An Introduction to Fortran (Page-78), Measurements, Dimensions and Units (Page-141), Optimization and Engineering Models (Page-167), Additional Topics in Fortran (Page-198), Deterministic Models (Page-243), Probabilistic Models (Page-299), Economic Models in Engineering (Page-340), Systems and Feedback (Page-372). |
| 650 #0 - SUBJECT ADDED ENTRY--TOPICAL TERM | |
| Topical term or geographic name entry element | Engineering mathematics. |
| 700 1# - ADDED ENTRY--PERSONAL NAME | |
| Personal name | Biles, William E., |
| 9 (RLIN) | 100910 |
| 942 ## - ADDED ENTRY ELEMENTS (KOHA) | |
| Source of classification or shelving scheme | |
| Koha item type | Book |
| Withdrawn status | Lost status | Source of classification or shelving scheme | Damaged status | Not for loan | Permanent Location | Current Location | Shelving location | Date acquired | Full call number | Barcode | Date last seen | Price effective from | Koha item type | Public note |
|---|---|---|---|---|---|---|---|---|---|---|---|---|---|---|
| Military College of Signals (MCS) | Military College of Signals (MCS) | General Stacks | 12/12/2016 | 620.0042,GAJ | MCS279 | 12/08/2016 | 12/12/2016 | Book | Almirah No.27, Shelf No.1 |
